Normal view MARC view
  • TRIPATHI, DR. G.P

Entry Personal Name

Number of records used in: 1

001 - CONTROL NUMBER

  • control field: 8428

003 - CONTROL NUMBER IDENTIFIER

  • control field: JRU

005 - DATE AND TIME OF LATEST TRANSACTION

  • control field: 20240603143843.0

008 - FIXED-LENGTH DATA ELEMENTS

  • fixed length control field: 240603|| aca||aabn | a|a d

040 ## - CATALOGING SOURCE

  • Original cataloging agency: JRU
  • Transcribing agency: JRU

100 ## - HEADING--PERSONAL NAME

  • Personal name: TRIPATHI, DR. G.P

670 ## - SOURCE DATA FOUND

  • Source citation: Work cat.: (JRU)8520: TRIPATHI, DR. G.P, TRANSFER OF PROPERTY ACT, 2005